Economics of development (Record no. 129784)
[ view plain ]
| 000 -LEADER | |
|---|---|
| fixed length control field | 00574nam a2200229Ia 4500 |
| 003 - CONTROL NUMBER IDENTIFIER | |
| control field | OSt |
| 005 - DATE AND TIME OF LATEST TRANSACTION | |
| control field | 20220702104343.0 |
| 008 - FIXED-LENGTH DATA ELEMENTS--GENERAL INFORMATION | |
| fixed length control field | 210210b2008 xxu||||| |||| 00| 0 eng d |
| 040 ## - CATALOGING SOURCE | |
| Transcribing agency | AL |
| 041 ## - LANGUAGE CODE | |
| Language code of text/sound track or separate title | eng |
| 082 ## - DEWEY DECIMAL CLASSIFICATION NUMBER | |
| Classification number | 338.9 KALE |
| 100 ## - MAIN ENTRY--PERSONAL NAME | |
| Personal name | KALLURAYA (Shripathi P) |
| 9 (RLIN) | 46695 |
| 245 ## - TITLE STATEMENT | |
| Title | Economics of development |
| 260 ## - PUBLICATION, DISTRIBUTION, ETC. | |
| Place of publication, distribution, etc. | Mangalore |
| Name of publisher, distributor, etc. | Mangala Publications |
| Date of publication, distribution, etc. | 2008 |
| 300 ## - PHYSICAL DESCRIPTION | |
| Extent | vi,162 |
| 650 ## - SUBJECT ADDED ENTRY--TOPICAL TERM | |
| Topical term or geographic name entry element | V Sem |
| 9 (RLIN) | 46696 |
| 650 ## - SUBJECT ADDED ENTRY--TOPICAL TERM | |
| Topical term or geographic name entry element | BA |
| 9 (RLIN) | 46697 |
| 690 ## - LOCAL SUBJECT ADDED ENTRY--TOPICAL TERM (OCLC, RLIN) | |
| Topical term or geographic name as entry element | Economic Development |
| 9 (RLIN) | 46698 |
| 700 ## - ADDED ENTRY--PERSONAL NAME | |
| Personal name | SHETTY (Jaya Kumar) |
| 9 (RLIN) | 46699 |
| 906 ## - LOCAL DATA ELEMENT F, LDF (RLIN) | |
| a | 062731 |
| 942 ## - ADDED ENTRY ELEMENTS (KOHA) | |
| Source of classification or shelving scheme | Dewey Decimal Classification |
| Koha item type | Book |
| Withdrawn status | Lost status | Damaged status | Not for loan | Collection code | Home library | Current library | Shelving location | Date acquired | Source of acquisition | Cost, normal purchase price | Total Checkouts | Total Renewals | Full call number | Barcode | Date last seen | Date last checked out | Price effective from | Koha item type | Date due |
|---|---|---|---|---|---|---|---|---|---|---|---|---|---|---|---|---|---|---|---|
| St Aloysius Library | St Aloysius Library | 02/17/2021 | Mangala Publications, Bejai, Mangalore | 70.00 | 4 | 1 | 338.9 KALE | 062733 | 10/28/2024 | 10/24/2024 | 02/17/2021 | Book | |||||||
| St Aloysius Library | St Aloysius Library | 02/17/2021 | Mangala Publications, Bejai, Mangalore | 70.00 | 4 | 338.9 KALE | 062732 | 09/04/2025 | 09/04/2025 | 02/17/2021 | Book | 01/02/2026 | |||||||
| St Aloysius Library | St Aloysius Library | 02/17/2021 | Mangala Publications, Bejai, Mangalore | 70.00 | 3 | 338.9 KALE | 062731 | 09/23/2024 | 09/13/2024 | 02/17/2021 | Book |